|
|
|
|
| LEADER |
00000nam0a2200000 4500 |
| 001 |
349853 |
| 005 |
20231102010237.0 |
| 035 |
|
|
|a (RuTPU)RU\TPU\retro\2862
|
| 090 |
|
|
|a 349853
|
| 100 |
|
|
|a 20180911d1960 k y0rusy50 ca
|
| 101 |
0 |
|
|a rus
|c cze
|
| 102 |
|
|
|a RU
|
| 105 |
|
|
|a a z 001zy
|
| 200 |
1 |
|
|a Подобие и моделирование в химической технологии
|e пер. с чеш.
|f В. Долежалик
|g под ред. Н. И. Гальперина
|
| 210 |
|
|
|a Москва
|c Гостоптехиздат
|d 1960
|
| 215 |
|
|
|a 96 с.
|c ил.
|
| 225 |
1 |
|
|a Методы и процессы химической технологии
|
| 320 |
|
|
|a Библиогр.: с. 94-96
|
| 606 |
|
|
|a Моделирование
|x Применение в химических производствах
|2 stltpush
|3 (RuTPU)RU\TPU\subj\30962
|9 53962
|
| 606 |
|
|
|a Химическая технология
|x Математические методы
|2 stltpush
|3 (RuTPU)RU\TPU\subj\30946
|9 53948
|
| 610 |
1 |
|
|a теория подобия
|
| 610 |
1 |
|
|a аналогия
|
| 610 |
1 |
|
|a пилотные установки
|
| 610 |
1 |
|
|a размерности
|
| 610 |
1 |
|
|a тепловое подобие
|
| 675 |
|
|
|a 66.011
|v 4
|
| 675 |
|
|
|a 66.011
|v 3
|
| 700 |
|
1 |
|a Долежалик
|b В.
|g Витезслав
|
| 702 |
|
1 |
|a Гальперин
|b Н. И.
|4 340
|
| 801 |
|
1 |
|a RU
|b 63413507
|c 20180911
|
| 801 |
|
2 |
|a RU
|b 63413507
|c 20190417
|g RCR
|
| 942 |
|
|
|c BK
|